RICS responds to renting homes consultation (Record no. 71715)
[ view plain ]
| 000 -LEADER | |
|---|---|
| fixed length control field | 01146cam a2200241 4500 |
| 001 - CONTROL NUMBER | |
| control field | WB3845-18 |
| 008 - FIXED-LENGTH DATA ELEMENTS--GENERAL INFORMATION | |
| fixed length control field | 021205n2002 000 0 eng u |
| 035 ## - SYSTEM CONTROL NUMBER | |
| System control number | (Sirsi) u120683 |
| 245 ## - TITLE STATEMENT | |
| Title | RICS responds to renting homes consultation |
| 260 ## - PUBLICATION, DISTRIBUTION, ETC. | |
| Date of publication, distribution, etc. | 2002 |
| 490 ## - SERIES STATEMENT | |
| Series statement | RICS Residential Faculty News |
| Volume/sequential designation | 2 December 2002, (1) |
| 520 ## - SUMMARY, ETC. | |
| Summary, etc. | RICS has responded to the Law Commission's second renting homes consultation on co-occupation, transfer and succession. The consultation deals with rights to succession and other matters relating to the transfer of agreements to rent homes, in particular replacing assignment and subletting. RICS response available at www.rics.org/ricscms/bin/show?class=Policy&template=/includes/showpolicy.html&id=729 Consultation paper available at www.lawcom.gov.uk/files/cp168.pdf Consultation summary available at www.lawcom.gov.uk/files/cp168sum.pdf |
| 590 ## - LOCAL NOTE (RLIN) | |
| Local note | WB |
| 650 ## - SUBJECT ADDED ENTRY--TOPICAL TERM | |
| Topical term or geographic name entry element | RICS |
| 650 ## - SUBJECT ADDED ENTRY--TOPICAL TERM | |
| Topical term or geographic name entry element | LAW COMMISSION |
| 650 ## - SUBJECT ADDED ENTRY--TOPICAL TERM | |
| Topical term or geographic name entry element | RENTING |
| 650 ## - SUBJECT ADDED ENTRY--TOPICAL TERM | |
| Topical term or geographic name entry element | HOUSING LAW |
| 650 ## - SUBJECT ADDED ENTRY--TOPICAL TERM | |
| Topical term or geographic name entry element | TRANSFER |
| 650 ## - SUBJECT ADDED ENTRY--TOPICAL TERM | |
| Topical term or geographic name entry element | CO-OCCUPATION |
| 650 ## - SUBJECT ADDED ENTRY--TOPICAL TERM | |
| Topical term or geographic name entry element | SUCCESSION RIGHTS |
| 690 ## - LOCAL SUBJECT ADDED ENTRY--TOPICAL TERM (OCLC, RLIN) | |
| Topical term or geographic name as entry element | PROPERTY-LANDLORD AND TENANT |
| 942 ## - ADDED ENTRY ELEMENTS (KOHA) | |
| Suppress in OPAC | 0 |
| Withdrawn status | Lost status | Source of classification or shelving scheme | Damaged status | Not for loan | Home library | Current library | Shelving location | Date acquired | Total Checkouts | Full call number | Barcode | Date last seen | Copy number | Price effective from | Koha item type |
|---|---|---|---|---|---|---|---|---|---|---|---|---|---|---|---|
| Dewey Decimal Classification | London | London | News article | 05/12/2002 | WB3845-18 | 120683-1001 | 06/08/2019 | 1 | 06/08/2019 | News article |